SOIL PHYSICAL AND TILLAGE CONDITIONS OF SUSTAINABLE CROP PRODUCTION

Bibliographic Details
Main Authors: Birkás, M. (Author), Percze, Al (Author), Fenyves, T. (Author), Szalai, T. (Author), Nyárai, H. F. (Author)
Format: Article
Language:English
ISBN:8071372749

MARC

LEADER 00000naa a2200000uu 4500
001 vtls011082651
003 SK-MaSNL
005 20260302135505.0
008 210905|1996 xo |||||||||||||||||eng|
015 |a SNBRA 
035 |a (urnnbn)urn:nbn:sk:snk:ar-a0cjsw 
035 |a (uuid)238c69ce-d05a-4cbb-b4b1-908d5d2777eb 
035 |a urn:nbn:sk:snk-aavprd 
040 |a SNKBUCL  |b slo  |c SNKBUCL  |e AACR2 
041 0 |a eng 
044 |a xo  |c SK 
100 1 |a Birkás, M.  |4 aut  |9 824188 
245 1 0 |a SOIL PHYSICAL AND TILLAGE CONDITIONS OF SUSTAINABLE CROP PRODUCTION  |c M. Birkás, Al. Percze, T. Fenyves, T. Szalai, H. F. Nyárai 
700 1 |a Percze, Al.  |4 aut  |9 824189 
700 1 |a Fenyves, T.  |4 aut  |9 824190 
700 1 |a Szalai, T.  |4 aut  |9 824191 
700 1 |a Nyárai, H. F.  |4 aut  |9 824192 
773 0 |t Zborník z medzinárodnej vedeckej konferencie "Agronomická fakulta a vývoj poľnohospodárstva na Slovensku"  |d Nitra : Vysoká škola poľnohospodárska, 1996  |g S. 70-73  |z 8071372749 
958 |a OND 
958 |a article12 
958 |a chapter 
999 |c 1327421  |d 1329351